01016cam a2200277 a 450000100100000000500170001000800410002702000150006804000250008308200220010810000410013024500850017125000110025626000320026730000280029949000290032750400640035665000270042065000310044770000480047883000370052691000280056391000070059195201250059899900150072300000546820200929151704.0940104s1998 sp a b 001 0 spa d a8437610206 aDO-SdBNPbspacBNPHU a862.2bE56t, 19981 aEncina, Juan del,d1468-1529?91552810aTeatro completo /cJuan del Encina ; edición de Miguel Ángel Pérez Priego. a2a ed. aMadrid :bCátedra,c1998. a379 p. :bil. ;c18 cm.1 aLetras hispánicasv339 aIncluye referencias bibliográficas (p. 87-94) e índice. 4aTeatro español93071 4aLiteratura española96321 aPérez Priego, Miguel Ángel,eed.915529 0aLetras hispánicas ;v33994208 aCatalogación derivada aWM 001052708MOaGRbGRcHDd2009-08-19iLF1l0o862.2 E56t, 1998p5468-10r2020-06-25w2020-06-25y2ZPréstamo interno c5267d5267